000 00606cab a2200193 4500
001 WB2330-34
008 090401t1987 xxu||||| |||| 00| 0 eng d
035 _a(Sirsi) u55721
041 _aeng
245 _aFood courts
260 _c1987
350 _a0
490 _aEstates Gazette
_v283(6344) 25/7/87 p466
520 _aIt is not always easy to make a viable profit from food courts ; so says one of the contributors to Food Courts, a new booklet from the British Council of Shopping Centres .
650 _aCALUS
690 _aPROPERTY-COMMERCIAL PROPERTY
942 _n0
948 _c04/03/1997
999 _c34065
_d34065